00741nam a22001937a 450000500170000001000150001702000260003203500140005803700130007208200160008510000210010124500610012226000360018327001230021930000270034294200300036999900190039995201290041820180504163931.0 aENG-122493 a9789381950524c595.00 aEN-106025 bDBAD/PUB a370.1130954 aTater, Sohan Raj aFundamentals of skill development /cby Tater, Sohan Raj aJaipurbSankalp Prakashanc2018 a467, Badayon ka Chowk, Govindrao Ji Ka Rasta, Chanpole Bazar, bJaipure302001k4004330msankalpprakashanjpr@gmail.com a156p.bill. c20cm(Hb) 2ddccENmTATh370.1130954 c150797d150797 001040718NFICaDBADbBL1d2018-04-05eDBAD/PUBg595.00l0o370.1130954 TATpEN-106025r2018-04-05 00:00:00t1v595.00yEN